000 00845nam a22002297a 4500
005 2011081801291.0
008 110818t xxu||||| |||| 00| 0 eng d
010 _aENG-103415
020 _a817208305x
_c21.00
035 _aEN-86948
037 _bDBAD/PUB
040 _aDPL
_bEnglish
082 _a230.35
100 _932824
_aKasturi, N.
245 _aPrasanthi pathways to peace :
_bas learnt at the Lotus feet of Bhagawan /
_cby N. Kasturi
260 _aPrasanthi Nilayam
_bSri Sathya Sai Sadhana Trust
_c2002
270 _aSri Sathya Sai Sadhana Trust
_bPrasanthi Nilayam
_e515134
300 _a148p.
_c22cm (pbk)
700 _932825
942 _2ddc
_cEN
_h230.35
_mKAS
999 _c55565
_d55565